Eksperimen dengan air

Bibliographic Details
Main Author: Murphy, Bryan
Format: Book
Published: Petaling Jaya : Flo Enterprise Sdn.Bhd. , 1991
Series:Dunia ajaib sains
Subjects:

MARC

LEADER 00000cam a2200000 7i4500
001 0000008982
005 20111206.0
020 |a 9679712990 
090 0 0 |a 500   |b MUR 
100 1 |a Murphy, Bryan 
245 1 0 |a Eksperimen dengan air   |c Bryan Murphy ; diterjemah oleh Zaridah Mat 
260 |a Petaling Jaya :   |b Flo Enterprise Sdn.Bhd. ,   |c 1991 
300 |a 32 p. :   |b ill. ;   |c 26 cm. 
490 0 |a Dunia ajaib sains 
650 0 0 |a Water   |x Juvenile literature 
999 |a 051799   |b BUKU   |c PINJAMAN   |e PERPUSTAKAAN KOMUNITI PETALING JAYA 
999 |a 051800   |b BUKU   |c PINJAMAN   |e PERPUSTAKAAN KOMUNITI PETALING JAYA 
999 |a 051801   |b BUKU   |c JUNIOR BOOKS   |e PERPUSTAKAAN KOMUNITI PETALING JAYA 
999 |a 054843   |b BUKU   |c PINJAMAN   |e PERPUSTAKAAN KOMUNITI CAW KOTA DAMANSARA